[Event "British Universities-ch"]
[Site "Chess.com INT"]
[Date "2022.03.05"]
[Round "7.4"]
[White "Panicker, Sidharth"]
[Black "Sanaqulov, Diyorbek"]
[Result "0-1"]
[WhiteElo "1487"]
[BlackElo "1180"]
[PlyCount "104"]
[EventDate "2022.03.05"]
[EventType "swiss"]
[EventRounds "9"]
[EventCountry "ENG"]
[SourceTitle "EXT 2023"]
[Source "ChessBase"]
[SourceDate "2022.10.05"]
[SourceVersion "1"]
[SourceVersionDate "2022.10.05"]
[SourceQuality "1"]
[WhiteTeam "Warwick (Castles) III"]
[BlackTeam "Cardiff II"]
[WhiteTeamCountry "ENG"]
[BlackTeamCountry "WLS"]

1. e4 e6 2. Nf3 d5 3. exd5 exd5 4. d4 Nf6 5. Bg5 Be7 6. Nc3 0-0 7. h3 h6 8. Bh4 Bb4 9. Bd3 Bxc3+ 10. bxc3 g5 11. Bg3 Ne4 12. 0-0 Nc6 13. c4 Nxg3 14. fxg3 Be6 15. cxd5 Bxd5 16. Re1 Bxf3 17. gxf3 Qxd4+ 18. Kg2 Rab8 19. Re7 Nxe7 20. Bh7+ Kxh7 21. Qxd4 Rfd8 22. Qe4+ Ng6 23. g4 Rd2+ 24. Kg3 Kg8 25. Qc4 Nf4 26. Rg1 Ne2+ 27. Kf2 Nxg1+ 28. Kxg1 Rbd8 29. Qxc7 Re8 30. Kf1 Rde2 31. f4 R2e7 32. Qd6 Re1+ 33. Kf2 R1e2+ 34. Kf1 Re1+ 35. Kf2 R8e2+ 36. Kf3 Re3+ 37. Kf2 R1e2+ 38. Kf1 Rxc2 39. Qd8+ Kh7 40. Qd4 Rcc3 41. fxg5 hxg5 42. Qxa7 Rxh3 43. Qxb7 Rcf3+ 44. Ke2 Re3+ 45. Kd2 Rd3+ 46. Ke2 Kg7 47. Qb2+ Rc3 48. Qb7 Rh2+ 49. Kd1 Rg3 50. Qe7 Rg1+ 51. Qe1 Rxe1+ 52. Kxe1 Rxa2 0-1